000 00444nam a2200169Ia 4500
005 20250508161751.0
008 008 250505s9999 xx 000 0 eng d
037 _aTextual
040 _aFEDL
_beng
_cFEDL
041 _aeng
_2eng
084 _a372.215, NUR
_qFEDL
245 0 _aNursery rhymes
260 _aLondon, UK
_bBirn Brothers Limited
300 _a120p.
942 _cTEXL
_h372.215, NUR
999 _c1372060
_d1372060